| 000 -ლიდერი |
| ფიქსირებული სიგრძის საკონტროლო ველი |
01202nam a22002297a 4500 |
| 003 - საკონტროლო ნომრის იდენტიფიკატორი |
| საკონტროლო ველი |
Ge_BSU |
| 005 - ბოლო ოპერაციის თარიღი და დრო |
| საკონტროლო ველი |
20230920171011.0 |
| 008 - ფიქსირებული სიგრძის მონაცემთა ელემენტები - ზოგადი ინფორმაცია |
| ფიქსირებული სიგრძის საკონტროლო ველი |
230920s2006 ge ||||| |||| 00| 0 geo d |
| 020 ## - წიგნის საერთაშორისო სტანდარტული ნომერი |
| International Standard Book Number |
9994048759 |
| 041 ## - ენის კოდი |
| Language code of text/sound track or separate title |
geo |
| 080 ## - უნივერსალური ათობითი კლასიფიკაციის ინდექსი |
| Universal Decimal Classification number |
517.938 კ-54 |
| 100 ## - მთავარი ჩანაწერი - პიროვნების სახელი |
| Personal name |
კირთაძე, ალექსი |
| 9 (RLIN) |
13192 |
| 245 ## - ცნობა სათაურის შესახებ |
| Title |
დინამიკური და კვაზიდინამიკური სისტემების თეორიის ზოგიერთი ასპექტი : |
| Remainder of title |
[მონოგრაფია] / |
| Statement of responsibility, etc |
ალექსი კირთაძე ; ა. ხარაზიშვილის რედ. ; სტუ. |
| 264 ## - წარმოების, გამოცემის, დისტრიბუციის და სხვა ცნობები |
| გამოცემის, წარმოების, დისტრიბუციის... ადგილი |
თბილისი : |
| გამოცემის, წარმოების, დისტრიბუციის... სახელწოდება |
[ტექნ. უნ-ტი], |
| გამოცემის, წარმოების, დისტრიბუციის... თარიღი |
2006. |
| 300 ## - ფიზიკური აღწერა |
| Extent |
271 გვ. ; |
| Other physical details |
20 სმ. |
| 504 ## - BIBLIOGRAPHY, ETC. NOTE |
| Bibliography, etc |
ბიბლიოგრ.: გვ. 247-270. |
| 653 ## - INDEX TERM--UNCONTROLLED |
| Uncontrolled term |
დინამიკური სისტემების თეორია |
| 653 ## - INDEX TERM--UNCONTROLLED |
| Uncontrolled term |
სიმრავლეთა თეორია |
| 653 ## - INDEX TERM--UNCONTROLLED |
| Uncontrolled term |
კვაზიდინამიკური სისტემები |
| 700 ## - ADDED ENTRY--PERSONAL NAME |
| Personal name |
ხარაზიშვილი, ა. |
| Relator term |
რედაქტორი |
| 9 (RLIN) |
2505 |
| 942 ## - ADDED ENTRY ELEMENTS (KOHA) |
| Source of classification or shelving scheme |
|
| Koha item type |
წიგნი |